| 000 | 00367nam a22001337a 4500 | ||
|---|---|---|---|
| 082 |
_a612 _bREA _cL-29, P-82 |
||
| 100 |
_aReaer,s Digest. _940243 |
||
| 245 | _aBook of the human body. | ||
| 260 |
_aGreat Britain _bHazell watson & viney Ltd. |
||
| 300 |
_a503 P.: _bill, : _c6 Cm |
||
| 526 |
_a0 _b0 _c0 _d612_000000000000000_REA |
||
| 650 |
_aMCE _9379 |
||
| 942 |
_2ddc _cBK |
||
| 999 |
_c544578 _d544578 |
||